000
00264nam a2200097Ia 4500
001
786998
005
20250826170331.0
008
250824s9999 xx 000 0 und d
245
0
_a
ÖRNEK HAYATLAR: BÜYÜK HAYATLAR
_c
SALİHA ŞAHAN
260
_b
GENÇ TİMAŞ YAYINLARI
999
_c
786998
_d
786998